000 00943nab a2200301 4500
003 BR-BrBNA
005 20250611235910.0
008 250611b bl.||||| |||| 00| 0 por d
040 _aBR-BrBNA
_bpor
072 _aK01 ; A50 ; P10 ; P01
100 _aSavanachi, Eduardo
245 _aA saga dos rios voadores
_bAgroeconomia
500 _a5 illus.
650 _aPESQUISA
650 _aCLIMATOLOGIA
650 _aCICLO DA ÁGUA
650 _aFLORESTA AMAZÔNICA
650 _aUMIDADE
650 _aCHUVA
650 _aREGIÃO CENTRO-OESTE
650 _aREGIÃO SUDESTE
650 _aREGIÃO SUL
650 _aPROTEÇÃO FLORESTAL
650 _aDESENVOLVIMENTO SUSTENTÁVEL
773 0 _01706
_9347882
_dSão Paulo-SP Editora Três Ltda - E-mail: luizfsa@revistadinheiro.com.br 2004
_o2025-0381
_tDinheiro Rural (Brazil)
_x1807-3700
_gv. 6(55) p. 22-25; (May 2009)
_wBR2025001308
942 _cANA
999 _c332042
_d332042